| 000 | 01083nam a22003137a 4500 | ||
|---|---|---|---|
| 001 | 7569 | ||
| 003 | FISKH | ||
| 005 | 20250724104256.0 | ||
| 008 | 250724b cb ||||| |||| 00| 0 eng d | ||
| 020 | _a9780141308203 | ||
| 040 |
_aDLC _cDLC _dDLC _beng |
||
| 050 | _aPZ7.S41267 S | ||
| 082 | _a561 | ||
| 100 | 1 |
_aScieszka, Jon _d(1954-) |
|
| 245 | 1 | 0 |
_aSummer reading is killing me! / _cby Jon Scieszka ; illustrated by Lane Smith |
| 250 | _aThis edition first published in 1998 | ||
| 260 |
_aNew York : _bPuffin, _c1998. |
||
| 300 |
_a73 pages : _billustrations ; _c20 cm |
||
| 505 | _aP | ||
| 520 | _aAt the beginning of summer vacation Joe, Sam, and Fred find themselves trapped inside their summer reading list, involved in a battle between good and evil characters from well-known children's books. | ||
| 521 | 8 |
_a610
_bLexile |
|
| 521 | 8 |
_aP
_bRaz-Plus |
|
| 650 | 1 |
_aBooks and reading _xFiction. |
|
| 650 | 1 |
_aCharacters in literature _xFiction. |
|
| 650 | 1 |
_aMagic _xFiction. |
|
| 700 | 1 |
_aSmith, Lane _eillustrator |
|
| 942 |
_2ddc _cBK _n0 |
||
| 999 |
_c7569 _d7569 |
||